| 000 | 00542nam a2200181Ia 4500 | ||
|---|---|---|---|
| 999 |
_c14836 _d14836 |
||
| 003 | OSt | ||
| 005 | 20201019115633.0 | ||
| 008 | 190216s9999||||xx |||||||||||||| ||und|| | ||
| 020 | _a9788174368942 | ||
| 040 | _coclc | ||
| 082 |
_a303.62509 _bZAI/D |
||
| 100 |
_aZaidi, S Hussain _95898 |
||
| 245 | 0 |
_aDongri To Dubai : _bSix Decades Of The Mumbai Mafia / _cS Hussain Zaidi |
|
| 260 |
_bRoli Books, _c2013. _aNew Delhi: |
||
| 300 | _a378p | ||
| 650 | _aEnglish | ||
| 942 |
_cBK _2ddc _h303.62509 _iZAI/D _k303.62509 _mZAI/D |
||